| 000 | 00378nam a22001697a 4500 | ||
|---|---|---|---|
| 003 | SGT | ||
| 005 | 20260528094103.0 | ||
| 020 | _a9780070677258 | ||
| 082 |
_a615 _bB09K |
||
| 100 | _aKATZUNG, BERTRAM G. | ||
| 245 | _aBASIC & CLINICAL PHARMACOLOGY | ||
| 250 | _a11TH | ||
| 260 |
_aNEW DELHI _bMC GRAWHILL _c2009 |
||
| 300 | _a1218 | ||
| 650 | _aPHARMACOLOGY | ||
| 942 |
_2ddc _cBK |
||
| 999 |
_c34901 _d34901 |
||